Gaming Quiz

Random Gaming or Pokémon Quiz

Pokemon Names that Start with D (Gen 1-7) Quiz Stats

 Plays Quiz not verified by Sporcle

Challenge
Share
Tweet
Embed
Score 0/46 Timer 10:00
0 Plays Today
Dex # Pokemon % Correct
084Doduo
100%
149Dragonite
98.5%
087Dewgong
97%
050Diglett
97%
085Dodrio
97%
147Dratini
97%
148Dragonair
95.5%
051Dugtrio
95.5%
691Dragalge
93.9%
096Drowzee
93.9%
477Dusknoir
93.9%
355Duskull
93.9%
621Druddigon
92.4%
206Dunsparce
92.4%
356Dusclops
92.4%
555Darmanitan
90.9%
554Darumaka
90.9%
702Dedenne
90.9%
633Deino
90.9%
225Delibird
90.9%
655Delphox
90.9%
781Dhelmise
90.9%
719Diancie
90.9%
Dex # Pokemon % Correct
132Ditto
90.9%
232Donphan
90.9%
452Drapion
90.9%
269Dustox
90.9%
780Drampa
89.4%
580Ducklett
89.4%
578Duosion
89.4%
483Dialga
87.9%
529Drilbur
87.9%
632Durant
87.9%
557Dwebble
87.9%
491Darkrai
86.4%
723Dartrix
86.4%
724Decidueye
86.4%
301Delcatty
86.4%
502Dewott
86.4%
660Diggersby
86.4%
426Drifblim
86.4%
425Drifloon
86.4%
585Deerling
84.8%
680Doublade
84.8%
386Deoxys
81.8%
751Dewpider
81.8%

You're not logged in!

Compare scores with friends on all Sporcle quizzes.
Join for Free
OR
Log In

You Might Also Like...

Show Comments

Extras

Created Mar 9, 2017ReportNominate
Tags:Pokémon Quiz, 1-7, dex, gen, start

Top Quizzes Today


Score Distribution

Your Account Isn't Verified!

In order to create a playlist on Sporcle, you need to verify the email address you used during registration. Go to your Sporcle Settings to finish the process.

Report this User

Report this user for behavior that violates our Community Guidelines.

Details: